| 000 | 00528cam a22001932a 4500 | ||
|---|---|---|---|
| 001 | 008982 | ||
| 003 | AR-FADEU | ||
| 008 | 311216nl971####xxu####################dd | ||
| 092 |
_a401 _bH677p |
||
| 100 | _aHjelmslev, Louis | ||
| 245 | _aProlegómenos a una teoría del lenguage | ||
| 260 | _aMadrid | ||
| 260 | _bGredos | ||
| 260 | _cl971 | ||
| 300 | _a196 p | ||
| 440 | _aBiblioteca románica hispánica, estudios y ensayos | ||
| 650 | _a/LINGUISTICA/LINGUISTICA GENERAL; TEORIA LINGUISTICA/REVISADO/ | ||
| 942 | _cBDGR | ||
| 999 |
_c14782 _d14782 |
||